000 01002nam a2200241 a 4500
001 52995
003 BD-RjUL
005 20211209075907.0
008 161002s1968 bg ||||| |||| 00| 0 ben d
020 _cPRs. .2.00
035 _a(BD-RjUL)53115
040 _aBD-RjUL
_bben
_cBD-RjUL
041 _aben
082 _223
_a398.09549
_bPUB 1968
245 0 0 _aপূর্ব পাকিস্তানের লোক-কৃষ্টি /
_cসৈয়দ জিল্লুর রহমান, [সংকলক]
250 _a১ম সং.
260 _aঢাকা :
_bরেডিও পাকিস্তান,,
_c১৯৬৮
300 _a[৬], ৮৪ পৃ.;
_c২১ সেমি.
650 _a লোক সংস্কৃতি
_vপূর্ব পাকিস্তান (বাংলাদেশ)
_9158408
650 _aFolklore
_vEast Pakistan (Bangladesh)
_9158409
700 _aরহমান, সৈয়দ জিল্লুর , [সংকলক]
_9245943
942 _2ddc
_cBK
999 _c52995
_d52995